LEADER 01111nam a2200241 i 4500 001 000000247307 003 CaOOAMICUS 005 20151230000000.0 008 151230s1991 it u000 u ita u 013 $a226212 020 $a88-339-5470-6 040 $aSeMil$bita 245 10$aCorrelati fisiologici dei processi cognitivi e del comportamento /$ccontributi di Niels Birbaumer ... [et al.]. 300 $a267 p. :$bill. 490 0 $aProgramma di psicologia, psichiatria, psicoterapia 700 1 $aBirbaumer, Niels.$0(OLS)http://semarc/name/77505 773 0 $tPsicofisiologia.$dTorino : Bollati Boringhieri, 1986.$kProgramma di psicologia, psichiatria, psicoterapia$g2$w()32927 830 0$aProgramma di psicologia, psichiatria, psicoterapia.$0(OLS)http://semarc/title/13460 850 $aSeMil 852 $aSeMil$W1$xVenegono$y1$m2O VI 30$j197653$B197653$CSeMilBibl$Z2$F209164 $81 961 $aLascito: Milani don Felice 996 $6020$a88-339-5470-6$9(OLS)http://semarc/number/256558 996 $6245$aCorrelati fisiologici dei processi cognitivi e del comportamento$9(OLS)http://semarc/title/349216 LEADER 01810nam a2200337 i 4500 001 000000201143 003 CaOOAMICUS 005 20110420000000.0 008 110420s2011 gw u000 u ger u 013 $a179844 020 $a978-3-525-53098-6 020 $ae-978-3-525-53098-7 040 $aSeMil$bita 100 1 $aMühling, Anke.$0(OLS)http://semarc/name/72704 245 10$aBlickt auf Abraham, euren Vater :$bAbraham als Identifikationsfigur des Judentums in der Zeit des Exils und des Zweiten Tempels /$cAnke Mühling. 260 $aGöttingen :$bVandenhoeck & Ruprecht,$c2011. 300 $a396 p. ;$c24 cm. 490 0 $aForschungen zur Religion und Literatur des Alten und Neuen Testaments ;$v236 500 $aTesto rivisto della Tesi difesa alla Ruprecht-Karls-Univ. di Heidelberg, 2008. 600 04$aAbramo .$0(OLS)http://semarc/subject/15998 650 4$aBibbia - AT - Patriarchi.$0(OLS)http://semarc/subject/20942 650 4$aBibbia Ebraica - Abramo.$0(OLS)http://semarc/subject/37759 650 4$aBibbia - AT - Settanta - Abramo.$0(OLS)http://semarc/subject/37760 830 0$aForschungen zur Religion und Literatur des Alten und Neuen Testaments ;$v236.$0(OLS)http://semarc/title/298 850 $aSeMil 852 $aSeMil$W1$xVenegono$y1$m2XA S 236$j253865$B151672$CSeMilBibl$Z2$F162863 $81 961 $aSottoscrizione: Vandenhoeck & Ruprecht 996 $6020$a978-3-525-53098-6$9(OLS)http://semarc/number/193776 996 $6020$ae-978-3-525-53098-7$9(OLS)http://semarc/number/193777 996 $6245$aBlickt auf Abraham, euren Vater :$bAbraham als Identifikationsfigur des Judentums in der Zeit des Exils und des Zweiten Tempels$9(OLS)http://semarc/title/291036 996 $6260$aGöttingen :$bVandenhoeck & Ruprecht$9(OLS)http://semarc/publisher/29697